[Event "ISR-chT"]
[Site "Israel"]
[Date "2024.02.09"]
[Round "5.26"]
[White "Gorodetzky, David"]
[Black "Gorshtein, Ido"]
[Result "0-1"]
[WhiteElo "2488"]
[BlackElo "2526"]
[PlyCount "68"]
[EventDate "2024.01.10"]
[EventType "team-tourn"]
[EventRounds "11"]
[EventCountry "ISR"]
[SourceTitle "CB09_2024"]
[SourceDate "2024.02.28"]
[SourceVersion "1"]
[SourceVersionDate "2024.02.28"]
[SourceQuality "1"]
[WhiteTeam "Ramat Gan Etude"]
[BlackTeam "Kfar Saba"]
[WhiteTeamCountry "ISR"]
[BlackTeamCountry "ISR"]

1. e4 c5 2. Nf3 d6 3. d4 cxd4 4. Nxd4 Nf6 5. Nc3 a6 6. Bc4 e6 7. Be3 Be7 8. Bb3 0-0 9. Qe2 b5 10. 0-0-0 Qc7 11. g4 b4 12. Na4 Nbd7 13. f3 Nc5 14. g5 Nfd7 15. h4 Nxa4 16. Bxa4 Nc5 17. Bb3 Nxb3+ 18. axb3 Bd7 19. h5 a5 20. Nb5 Qb8 21. Nxd6 Bxd6 22. Qd2 Ra6 23. e5 a4 24. bxa4 b3 25. c3 Rd8 26. exd6 Rxa4 27. Qh2 e5 28. Bc5 Qb5 29. Qf2 Rc8 30. Bb6 Rc6 31. Bc7 Rxc3+ 32. bxc3 Ra1+ 33. Kd2 Qd5+ 34. Ke3 Qc5+ 0-1

[Event "ISR-chT"]
[Site "Israel"]
[Date "2023.05.12"]
[Round "11.5"]
[White "Gorshtein, Ido"]
[Black "Gorodetzky, David"]
[Result "0-1"]
[WhiteElo "2498"]
[BlackElo "2492"]
[PlyCount "56"]
[EventDate "2023.01.11"]
[EventType "team-tourn"]
[EventRounds "11"]
[EventCountry "ISR"]
[SourceTitle "EXT 2024"]
[Source "ChessBase"]
[SourceDate "2023.10.10"]
[SourceVersion "1"]
[SourceVersionDate "2023.10.10"]
[SourceQuality "1"]
[WhiteTeam "Kfar Saba"]
[BlackTeam "Ramat Gan Etude"]
[WhiteTeamCountry "ISR"]
[BlackTeamCountry "ISR"]

1. c4 e6 2. Nf3 Nf6 3. g3 a6 4. Bg2 b5 5. b3 c5 6. d4 Bb7 7. d5 exd5 8. Nh4 Qa5+ 9. Kf1 Qc7 10. Bf4 d6 11. cxd5 g6 12. Nc3 Bg7 13. Rc1 Qe7 14. Qc2 Nbd7 15. e4 0-0 16. Re1 Rfe8 17. Bd2 c4 18. bxc4 Rac8 19. cxb5 axb5 20. Qb1 b4 21. Ne2 Ba6 22. f3 Nxd5 23. Bh3 Nc3 24. Qxb4 Nxe2 25. Rxe2 Rb8 26. Qa3 Nc5 27. Ng2 Bxe2+ 28. Kxe2 Nxe4 0-1

[Event "Titled Tuesday intern op 11th Apr Early"]
[Site "Chess.com INT"]
[Date "2023.04.11"]
[Round "3"]
[White "Gorodetzky, David"]
[Black "Duda, Jan Krzysztof"]
[Result "0-1"]
[WhiteElo "2485"]
[BlackElo "2724"]
[PlyCount "116"]
[EventDate "2023.04.11"]
[EventType "swiss (blitz)"]
[EventRounds "11"]
[EventCountry "USA"]
[SourceTitle "CBM 213 Extra"]
[Source "ChessBase"]
[SourceDate "2023.05.31"]
[SourceVersion "1"]
[SourceVersionDate "2023.05.31"]
[SourceQuality "1"]

1. e4 c6 2. d4 d5 3. e5 Bf5 4. Nd2 e6 5. Nb3 a5 6. a4 Ne7 7. Nf3 h6 8. Be2 Ng6 9. 0-0 Be7 10. Ne1 Nf8 11. f4 Be4 12. Be3 f5 13. exf6 gxf6 14. Bh5+ Kd7 15. Nd3 b6 16. Nd2 Bxd3 17. cxd3 f5 18. g4 Rg8 19. Kh1 fxg4 20. Bxg4 Kc7 21. f5 exf5 22. Rxf5 Kb7 23. Rf7 Ra7 24. Qf3 Ka8 25. Rf1 Ng6 26. Be6 Rh8 27. Qh5 Nh4 28. Rg1 Bg5 29. Bxg5 hxg5 30. Qxg5 Rxf7 31. Qxd8 Rxd8 32. Bxf7 Rf8 33. Rf1 Na6 34. Rf4 Nb4 35. Rxh4 Rxf7 36. Kg2 Nxd3 37. Nf3 Rg7+ 38. Kf1 Nxb2 39. Ne5 Kb7 40. Rh6 Nxa4 41. Rxc6 Rh7 42. Kg2 Rh4 43. Rf6 Rxd4 44. Kg3 Nc5 45. Rf7+ Ka6 46. h4 Ne4+ 47. Kf3 Nd6 48. Rd7 Nc4 49. Nxc4 Rxc4 50. Kg3 d4 51. h5 a4 52. h6 Ka5 53. h7 Rc8 54. Rd5+ b5 55. Rxd4 Rh8 56. Rd7 a3 57. Kf4 Kb6 58. Kg5 a2 0-1

[Event "Titled Tuesday intern op 11th Apr Early"]
[Site "Chess.com INT"]
[Date "2023.04.11"]
[Round "1"]
[White "Gorodetzky, David"]
[Black "Gabr, Mohsen"]
[Result "1-0"]
[WhiteElo "2485"]
[BlackElo "2200"]
[PlyCount "77"]
[EventDate "2023.04.11"]
[EventType "swiss (blitz)"]
[EventRounds "11"]
[EventCountry "USA"]
[SourceTitle "CBM 213 Extra"]
[Source "ChessBase"]
[SourceDate "2023.05.31"]
[SourceVersion "1"]
[SourceVersionDate "2023.05.31"]
[SourceQuality "1"]

1. Nf3 d5 2. d4 c6 3. c4 Bf5 4. e3 e6 5. Nbd2 Nf6 6. b3 Nbd7 7. Bb2 Bd6 8. Be2 0-0 9. Nh4 Be4 10. 0-0 Ne8 11. Nxe4 dxe4 12. g3 f5 13. Ng2 g5 14. d5 cxd5 15. cxd5 e5 16. f4 exf3 17. Bxf3 e4 18. Bh5 Be5 19. Bxe5 Nxe5 20. Qd4 Qd6 21. Rac1 Ng7 22. Be2 Rad8 23. Qxa7 Qxd5 24. Rfd1 Nd3 25. Rc7 Rf7 26. Rxf7 Kxf7 27. Ne1 Ne6 28. Nxd3 exd3 29. Rxd3 Qc6 30. Rxd8 Nxd8 31. Bc4+ Kf6 32. Qd4+ Kg6 33. Qxd8 Qf3 34. Qd6+ Kg7 35. Qd4+ Kg6 36. Bf1 h5 37. a4 h4 38. gxh4 gxh4 39. Qf4 1-0

[Event "Titled Tuesday intern op 28th Mar Late"]
[Site "Chess.com INT"]
[Date "2023.03.28"]
[Round "3"]
[White "Vachier Lagrave, Maxime"]
[Black "Gorodetzky, David"]
[Result "1-0"]
[WhiteElo "2736"]
[BlackElo "2488"]
[PlyCount "57"]
[EventDate "2023.03.28"]
[EventType "swiss (blitz)"]
[EventRounds "11"]
[EventCountry "USA"]
[SourceTitle "EXT 2024"]
[Source "ChessBase"]
[SourceDate "2023.10.10"]
[SourceVersion "1"]
[SourceVersionDate "2023.10.10"]
[SourceQuality "1"]

1. e4 c6 2. d4 d5 3. e5 c5 4. dxc5 e6 5. c3 Nd7 6. Nf3 Nxc5 7. Be3 Qc7 8. Nbd2 Ne7 9. Nb3 Nd7 10. Bd4 Nc6 11. Qe2 a5 12. a4 Be7 13. Qe3 Nxd4 14. Nbxd4 Qb6 15. Bb5 0-0 16. 0-0 Nc5 17. h4 Bd7 18. h5 h6 19. b4 Bxb5 20. bxc5 Bxc5 21. axb5 a4 22. g4 Rfc8 23. g5 hxg5 24. Qxg5 Bf8 25. Rfc1 a3 26. h6 g6 27. Qh4 Qd8 28. Ng5 Qd7 29. Kg2 1-0

[Event "Titled Tuesday intern op 21st Mar Early"]
[Site "Chess.com INT"]
[Date "2023.03.21"]
[Round "2"]
[White "Gorodetzky, David"]
[Black "Jakubowska, Anna"]
[Result "1-0"]
[WhiteElo "2488"]
[BlackElo "2139"]
[PlyCount "47"]
[EventDate "2023.03.21"]
[EventType "swiss (blitz)"]
[EventRounds "11"]
[EventCountry "USA"]
[SourceTitle "EXT 2024"]
[Source "ChessBase"]
[SourceDate "2023.10.10"]
[SourceVersion "1"]
[SourceVersionDate "2023.10.10"]
[SourceQuality "1"]

1. d4 d5 2. Nf3 Nf6 3. Bf4 g6 4. e3 Bg7 5. h3 0-0 6. Nbd2 b6 7. Bd3 c5 8. c3 Ba6 9. Bxa6 Nxa6 10. 0-0 Nc7 11. Qe2 Ne4 12. Rad1 f5 13. Be5 c4 14. Bxg7 Kxg7 15. Ne5 Qd6 16. Qe1 Ne6 17. f3 Nxd2 18. Rxd2 f4 19. e4 dxe4 20. Qxe4 Nc7 21. Nxc4 Qf6 22. Re1 Rae8 23. Qb7 Nd5 24. Qxd5 1-0

[Event "Titled Tuesday intern op 14th Mar Late"]
[Site "Chess.com INT"]
[Date "2023.03.14"]
[Round "4"]
[White "Gorodetzky, David"]
[Black "Vachier Lagrave, Maxime"]
[Result "0-1"]
[WhiteElo "2488"]
[BlackElo "2736"]
[PlyCount "74"]
[EventDate "2023.03.14"]
[EventType "swiss (blitz)"]
[EventRounds "11"]
[EventCountry "USA"]
[SourceTitle "EXT 2024"]
[Source "ChessBase"]
[SourceDate "2023.10.10"]
[SourceVersion "1"]
[SourceVersionDate "2023.10.10"]
[SourceQuality "1"]

1. Nf3 Nf6 2. b3 b6 3. Bb2 Bb7 4. g3 g6 5. Bg2 Bg7 6. c4 0-0 7. 0-0 e6 8. Nc3 d5 9. d4 Nbd7 10. Rc1 Re8 11. e3 c5 12. cxd5 Nxd5 13. Nxd5 Bxd5 14. Qe2 cxd4 15. Nxd4 Bxg2 16. Kxg2 Nc5 17. Rfd1 Qd5+ 18. f3 Qh5 19. b4 Nb7 20. Rc7 Nd6 21. g4 Qg5 22. Rd7 Nf5 23. f4 Nxe3+ 24. Kf3 Qh6 25. Qxe3 e5 26. Nc6 Qh3+ 27. Ke2 Qg2+ 28. Ke1 Qxc6 29. fxe5 Qh1+ 30. Ke2 Qg2+ 31. Qf2 Qxg4+ 32. Qf3 Qc4+ 33. Kf2 Qxa2 34. R1d2 Rac8 35. Kg3 Qe6 36. R2d6 Bxe5+ 37. Kh4 Bxd6 0-1

[Event "Titled Tuesday intern op 14th Mar Late"]
[Site "Chess.com INT"]
[Date "2023.03.14"]
[Round "1"]
[White "Meunier Pion, Jean"]
[Black "Gorodetzky, David"]
[Result "0-1"]
[WhiteElo "2207"]
[BlackElo "2488"]
[PlyCount "80"]
[EventDate "2023.03.14"]
[EventType "swiss (blitz)"]
[EventRounds "11"]
[EventCountry "USA"]
[SourceTitle "EXT 2024"]
[Source "ChessBase"]
[SourceDate "2023.10.10"]
[SourceVersion "1"]
[SourceVersionDate "2023.10.10"]
[SourceQuality "1"]

1. e4 c5 2. Nf3 d6 3. d4 cxd4 4. Nxd4 Nf6 5. Nc3 g6 6. Be3 Bg7 7. f3 0-0 8. Qd2 Nc6 9. 0-0-0 d5 10. exd5 Nxd5 11. Nxc6 bxc6 12. Bd4 e5 13. Bc5 Be6 14. Ne4 Qc7 15. Bxf8 Rxf8 16. c4 f5 17. Ng5 Bh6 18. cxd5 Bxd5 19. Kb1 Rb8 20. h4 e4 21. fxe4 fxe4 22. Rc1 Qe5 23. Bc4 Bg7 24. Bxd5+ cxd5 25. Rc2 h6 26. Rd1 d4 27. Nxe4 Qxe4 28. Qd3 Qg4 29. Qf3 Qxh4 30. Rf1 Qe7 31. Qd5+ Kh8 32. Rf7 Qe1+ 33. Rc1 Qd2 34. Rb7 Qd3+ 35. Ka1 Rxb7 36. Qxb7 Qe3 37. Qc8+ Kh7 38. Qc7 d3 39. Rd1 Qe2 40. Qc1 Bxb2+ 0-1

[Event "Titled Tuesday intern op 14th Feb Late"]
[Site "Chess.com INT"]
[Date "2023.02.14"]
[Round "2"]
[White "Baghdasaryan, Vahe"]
[Black "Gorodetzky, David"]
[Result "0-1"]
[WhiteElo "2257"]
[BlackElo "2482"]
[PlyCount "56"]
[EventDate "2023.02.14"]
[EventType "swiss (blitz)"]
[EventRounds "11"]
[EventCountry "USA"]
[SourceTitle "CBM 212 Extra"]
[Source "ChessBase"]
[SourceDate "2023.03.31"]
[SourceVersion "1"]
[SourceVersionDate "2023.03.31"]
[SourceQuality "1"]

1. e4 c5 2. Nf3 d6 3. d4 cxd4 4. Nxd4 Nf6 5. Nc3 a6 6. Bg5 Nbd7 7. f4 h6 8. Bxf6 gxf6 9. Be2 e6 10. Bh5 Nb6 11. f5 Ke7 12. fxe6 fxe6 13. 0-0 Bg7 14. Qg4 Rg8 15. Qg6 Qf8 16. Rae1 Bh8 17. Nf5+ exf5 18. exf5+ Kd8 19. Qh7 Rg7 20. Qxh6 Rxg2+ 21. Kxg2 Qxh6 22. Re8+ Kc7 23. Bg6 Bxf5 24. Re7+ Bd7 25. Bf5 Rg8+ 26. Kh1 Qg5 27. Nd5+ Kb8 28. Ne3 Bc6+ 0-1

[Event "Titled Tuesday intern op 14th Feb Late"]
[Site "Chess.com INT"]
[Date "2023.02.14"]
[Round "3"]
[White "Gorodetzky, David"]
[Black "Atanasov, Anthony"]
[Result "0-1"]
[WhiteElo "2482"]
[BlackElo "2361"]
[PlyCount "70"]
[EventDate "2023.02.14"]
[EventType "swiss (blitz)"]
[EventRounds "11"]
[EventCountry "USA"]
[SourceTitle "CBM 212 Extra"]
[Source "ChessBase"]
[SourceDate "2023.03.31"]
[SourceVersion "1"]
[SourceVersionDate "2023.03.31"]
[SourceQuality "1"]

1. Nf3 Nf6 2. b3 d5 3. Bb2 Bf5 4. g3 e6 5. Bg2 Be7 6. 0-0 0-0 7. c4 c6 8. Nc3 Nbd7 9. Rc1 h6 10. d4 a5 11. a3 Ne4 12. Nxe4 Bxe4 13. Ne1 Bxg2 14. Kxg2 b5 15. Nd3 bxc4 16. bxc4 Nb6 17. Ne5 Nxc4 18. Nxc4 dxc4 19. e4 Qb6 20. Qe2 Rab8 21. Rc2 Qb3 22. Ra1 Qd3 23. Kf1 Rb3 24. Rd1 Rfb8 25. Rxd3 cxd3 26. Qd2 dxc2 27. Bc1 Rb2 28. Kg2 Ra2 29. h4 Rb1 30. Kf3 Rxc1 31. Qxc1 Bxa3 32. Qf4 c1Q 33. Qb8+ Kh7 34. Qe8 Qh1+ 35. Kg4 Qxe4+ 0-1

[Event "Titled Tuesday intern op 14th Feb Late"]
[Site "Chess.com INT"]
[Date "2023.02.14"]
[Round "1"]
[White "Gorodetzky, David"]
[Black "Remolar Gallen, Jose"]
[Result "1-0"]
[WhiteElo "2482"]
[BlackElo "2285"]
[PlyCount "37"]
[EventDate "2023.02.14"]
[EventType "swiss (blitz)"]
[EventRounds "11"]
[EventCountry "USA"]
[SourceTitle "CBM 212 Extra"]
[Source "ChessBase"]
[SourceDate "2023.03.31"]
[SourceVersion "1"]
[SourceVersionDate "2023.03.31"]
[SourceQuality "1"]

1. c4 Nf6 2. Nf3 g6 3. g3 Bg7 4. Bg2 0-0 5. 0-0 c5 6. Nc3 Nc6 7. d4 cxd4 8. Nxd4 d6 9. Nxc6 bxc6 10. Bxc6 Bh3 11. Bg2 Bxg2 12. Kxg2 Rc8 13. Qd3 Nd7 14. b3 Ne5 15. Qd2 Qa5 16. Bb2 Rfd8 17. Rfd1 e6 18. Ne4 d5 19. Qxa5 1-0

[Event "Titled Tuesday intern op 31st Jan Early"]
[Site "Chess.com INT"]
[Date "2023.01.31"]
[Round "2"]
[White "Gorodetzky, David"]
[Black "Aldokhin, Ivan"]
[Result "1-0"]
[WhiteElo "2492"]
[BlackElo "2413"]
[PlyCount "155"]
[EventDate "2023.01.31"]
[EventType "swiss (blitz)"]
[EventRounds "11"]
[EventCountry "USA"]
[SourceTitle "CBM 212 Extra"]
[Source "ChessBase"]
[SourceDate "2023.03.31"]
[SourceVersion "1"]
[SourceVersionDate "2023.03.31"]
[SourceQuality "1"]

1. d4 Nf6 2. c4 g6 3. Nc3 Bg7 4. e4 d6 5. Nf3 0-0 6. Be2 Nc6 7. 0-0 Re8 8. d5 Nb4 9. a3 Na6 10. Be3 e6 11. Qc2 exd5 12. cxd5 Nc5 13. Bxc5 dxc5 14. e5 Nxd5 15. Rad1 c6 16. Nxd5 cxd5 17. Qxc5 Be6 18. Qb5 Qb6 19. Qxb6 axb6 20. Bb5 Rec8 21. Rd2 Rc5 22. a4 Bg4 23. b4 Rc3 24. Ng5 Bxe5 25. Rxd5 Bg7 26. h3 Bf5 27. Bd7 Bc2 28. Re1 Bf6 29. Ne4 Bxe4 30. Rxe4 Rd8 31. g3 Kf8 32. Rf4 Ke7 33. Rd1 Rc7 34. Re1+ Kf8 35. Rxf6 Rdxd7 36. Rxb6 Rd4 37. a5 Rd2 38. Re3 Rb2 39. h4 h5 40. Kg2 Kg7 41. Rf3 Rd7 42. Rf4 Rc7 43. b5 Rd7 44. Rf3 Rc7 45. Kf1 Rd7 46. Re3 Rc7 47. Re2 Rb1+ 48. Kg2 Rb4 49. Ra2 Rc5 50. Rxb7 Rcxb5 51. Rxb5 Rxb5 52. a6 Rb8 53. a7 Ra8 54. Kf3 Kf6 55. Ke4 Ke6 56. Ra6+ Ke7 57. Ke5 f6+ 58. Rxf6 Rxa7 59. Rxg6 Ra2 60. f4 Ra3 61. Kf5 Kf7 62. Rg5 Rb3 63. Ke4 Ra3 64. f5 Ra4+ 65. Kf3 Ra3+ 66. Kg2 Kf6 67. Rxh5 Rb3 68. Kh3 Ra3 69. Rg5 Rb3 70. Rg8 Kxf5 71. h5 Kf6 72. Kh4 Rb1 73. Rg6+ Kf5 74. g4+ Kf4 75. Rf6+ Ke5 76. Rf8 Ke6 77. h6 Ke7 78. Rf3 1-0

[Event "Titled Tuesday intern op 17th Jan Early"]
[Site "Chess.com INT"]
[Date "2023.01.17"]
[Round "2"]
[White "Lymar, Vladislav"]
[Black "Gorodetzky, David"]
[Result "0-1"]
[WhiteElo "2066"]
[BlackElo "2492"]
[PlyCount "112"]
[EventDate "2023.01.17"]
[EventType "swiss (blitz)"]
[EventRounds "11"]
[EventCountry "USA"]
[SourceTitle "CBM 212 Extra"]
[Source "ChessBase"]
[SourceDate "2023.03.31"]
[SourceVersion "1"]
[SourceVersionDate "2023.03.31"]
[SourceQuality "1"]

1. e4 c5 2. Nf3 d6 3. g3 g6 4. Bg2 Bg7 5. 0-0 Nc6 6. Nc3 Nf6 7. d3 0-0 8. h3 Rb8 9. a4 a6 10. Be3 b5 11. axb5 axb5 12. Qd2 b4 13. Ne2 Nd7 14. c3 Bb7 15. Bh6 e5 16. Bxg7 Kxg7 17. Nh2 bxc3 18. bxc3 Ne7 19. f4 f5 20. Rfb1 Ra8 21. Qc1 Rxa1 22. Rxa1 fxe4 23. dxe4 c4 24. Rb1 Nc5 25. Ng4 h5 26. Ne3 Bxe4 27. Bxe4 Nxe4 28. Nxc4 Qc7 29. Rb4 Nd5 30. Ra4 Qc5+ 31. Kh1 Qf2 32. Ra2 Qf3+ 33. Kh2 Rc8 34. Nxd6 Ne3 35. Qg1 Ra8 36. Rxa8 Qxe2+ 37. Kh1 Qf3+ 38. Kh2 Nf1+ 39. Qxf1 Qxf1 40. Nxe4 Qe2+ 41. Kg1 Qe1+ 42. Kh2 Qxe4 43. Ra7+ Kf6 44. fxe5+ Qxe5 45. Ra6+ Kf5 46. Ra2 h4 47. Rg2 g5 48. c4 hxg3+ 49. Rxg3 Qe2+ 50. Rg2 Qxc4 51. Rf2+ Kg6 52. Kg2 Kh5 53. Kg3 Qh4+ 54. Kg2 Qe4+ 55. Kg3 Qe3+ 56. Rf3 Qg1# 0-1

[Event "Titled Tuesday intern op 10th Jan Late"]
[Site "Chess.com INT"]
[Date "2023.01.10"]
[Round "4"]
[White "Deac, Bogdan Daniel"]
[Black "Gorodetzky, David"]
[Result "1-0"]
[WhiteElo "2700"]
[BlackElo "2492"]
[PlyCount "43"]
[EventDate "2023.01.10"]
[EventType "swiss (blitz)"]
[EventRounds "11"]
[EventCountry "USA"]
[SourceTitle "EXT 2024"]
[Source "ChessBase"]
[SourceDate "2023.10.10"]
[SourceVersion "1"]
[SourceVersionDate "2023.10.10"]
[SourceQuality "1"]

1. c4 Nf6 2. g3 c6 3. Nf3 d5 4. d4 Bf5 5. Nc3 e6 6. Nh4 Be4 7. f3 Bg6 8. Qb3 Qb6 9. c5 Qc7 10. Bf4 Qc8 11. e4 dxe4 12. Nxg6 hxg6 13. fxe4 Nh5 14. 0-0-0 Nxf4 15. gxf4 Rh4 16. f5 exf5 17. Bc4 Qc7 18. exf5 Qf4+ 19. Kb1 Qxf5+ 20. Ka1 b5 21. Nxb5 cxb5 22. Bd5 1-0

[Event "Titled Tuesday intern op 10th Jan Late"]
[Site "Chess.com INT"]
[Date "2023.01.10"]
[Round "2"]
[White "Gorodetzky, David"]
[Black "Adewumi, Tanitoluwa"]
[Result "1/2-1/2"]
[WhiteElo "2492"]
[BlackElo "2305"]
[PlyCount "176"]
[EventDate "2023.01.10"]
[EventType "swiss (blitz)"]
[EventRounds "11"]
[EventCountry "USA"]
[SourceTitle "EXT 2024"]
[Source "ChessBase"]
[SourceDate "2023.10.10"]
[SourceVersion "1"]
[SourceVersionDate "2023.10.10"]
[SourceQuality "1"]

1. e4 c5 2. Nf3 e6 3. c3 Nf6 4. e5 Nd5 5. d4 cxd4 6. cxd4 b6 7. Nc3 Bb7 8. Bd3 Nxc3 9. bxc3 d6 10. 0-0 Nd7 11. Qe2 Be7 12. exd6 Bxd6 13. Ng5 Nf6 14. Bb5+ Kf8 15. Bd3 Qc7 16. f4 Rc8 17. c4 Bb4 18. Bb2 Rd8 19. f5 exf5 20. Rxf5 h6 21. Nf3 Ng4 22. g3 Re8 23. Qc2 Ne3 24. Qb3 a5 25. Rf4 g5 26. Rf6 Ng4 27. Rf5 Bxf3 28. Rxf3 Qd7 29. Raf1 Rg8 30. c5 Re7 31. c6 Qc7 32. Bc4 Rg7 33. d5 Ne5 34. Rf5 Bc5+ 35. Kh1 Ng4 36. Bxg7+ Kxg7 37. d6 Qxc6+ 38. Bd5 Qxd6 39. Rxf7+ Rxf7 40. Rxf7+ Kg6 41. Qd3+ Kh5 42. Qf3 Qe5 43. Bc4 Qe1+ 44. Bf1 Qe3 45. Qxe3 Nxe3 46. Bd3 g4 47. a4 Kg5 48. Rd7 h5 49. Rf7 h4 50. gxh4+ Kxh4 51. Rg7 g3 52. hxg3+ Kh5 53. g4+ Kh4 54. g5 Kg3 55. Rf7 Ng4 56. Be2 Nf2+ 57. Kg1 Ne4+ 58. Kf1 Nxg5 59. Rg7 Kf4 60. Ke1 Ne4 61. Bd3 Bb4+ 62. Kf1 Ke3 63. Bxe4 Kxe4 64. Ke2 Kd4 65. Kd1 Kc3 66. Rg3+ Kb2 67. Rd3 Ka2 68. Ke2 Kb2 69. Ke3 Bc3 70. Ke4 Kb3 71. Kd5 Kb4 72. Kc6 Bb2 73. Rd2 Bc3 74. Rc2 Kb3 75. Rc1 Bd4 76. Kb5 Bc5 77. Rc4 Ka3 78. Rf4 Kb3 79. Rf3+ Kb2 80. Kc4 Ka2 81. Rb3 Bb4 82. Rd3 Bc5 83. Kb5 Kb2 84. Kc4 Ka2 85. Rg3 Kb2 86. Rb3+ Ka2 87. Rc3 Kb2 88. Rd3 Ka2 1/2-1/2

[Event "Ramat Gan Winter op"]
[Site "Ramat Gan"]
[Date "2023.01.07"]
[Round "2"]
[White "Gorodetzky, David"]
[Black "Aizenberg, Benny"]
[Result "1/2-1/2"]
[WhiteElo "2492"]
[BlackElo "2348"]
[PlyCount "146"]
[EventDate "2023.01.07"]
[EventType "swiss (rapid)"]
[EventRounds "6"]
[EventCountry "ISR"]
[SourceTitle "CBM 212 Extra"]
[Source "ChessBase"]
[SourceDate "2023.03.31"]
[SourceVersion "1"]
[SourceVersionDate "2023.03.31"]
[SourceQuality "1"]

1. d4 Nf6 2. c4 c5 3. d5 b5 4. cxb5 a6 5. bxa6 g6 6. Nc3 Bg7 7. e4 0-0 8. e5 Ne8 9. h4 Bxe5 10. h5 Qb6 11. Nf3 Bf6 12. hxg6 fxg6 13. Bd3 Bxa6 14. Rb1 Bxd3 15. Qxd3 Na6 16. a3 c4 17. Qxc4 Nd6 18. Qd3 Nc5 19. Qc2 Qa6 20. Qe2 Nd3+ 21. Kf1 Rfb8 22. Ra1 Nxc1 23. Rxc1 Rxb2 24. Qxa6 Rxa6 25. Nd1 Rb7 26. g4 Rxa3 27. Kg2 Rbb3 28. Ne3 Ne4 29. Rhe1 Ra2 30. Rc2 Rbb2 31. Ree2 Rxc2 32. Rxc2 Rxc2 33. Nxc2 Bb2 34. Ne3 Bc1 35. Nc4 Nf6 36. d6 exd6 37. Kg3 d5 38. Nce5 Kf8 39. Nd3 Ba3 40. Nd4 Ke7 41. f4 Ne4+ 42. Kf3 Bc5 43. Nb5 Bb6 44. Ne5 Ke6 45. Nd3 h5 46. f5+ gxf5 47. gxh5 Ng5+ 48. Kg3 Be3 49. Nc7+ Kd6 50. Ne8+ Ke7 51. Nc7 d4 52. Nd5+ Ke6 53. Nxe3 dxe3 54. Kf4 Ne4 55. Kxe3 Nf6 56. Nf4+ Ke5 57. Ng6+ Ke6 58. Nf4+ Kf7 59. Kd4 d6 60. h6 Kg8 61. Ne6 Kh7 62. Ng7 Kg6 63. Kc4 f4 64. Kd4 d5 65. Ne6 f3 66. Ke3 Kf5 67. Nd4+ Kg6 68. Nxf3 Kxh6 69. Kd4 Kg6 70. Ng1 Kf5 71. Ne2 Ke6 72. Nf4+ Kd6 73. Nxd5 Nxd5 1/2-1/2

[Event "Ramat Gan Winter op"]
[Site "Ramat Gan"]
[Date "2023.01.07"]
[Round "4"]
[White "Gorodetzky, David"]
[Black "Zanan, Evgeny"]
[Result "1-0"]
[WhiteElo "2492"]
[BlackElo "2483"]
[PlyCount "83"]
[EventDate "2023.01.07"]
[EventType "swiss (rapid)"]
[EventRounds "6"]
[EventCountry "ISR"]
[SourceTitle "CBM 212 Extra"]
[Source "ChessBase"]
[SourceDate "2023.03.31"]
[SourceVersion "1"]
[SourceVersionDate "2023.03.31"]
[SourceQuality "1"]

1. e4 e5 2. Nf3 Nc6 3. Bb5 a6 4. Ba4 Nf6 5. 0-0 Nxe4 6. d4 b5 7. Bb3 d5 8. dxe5 Be6 9. c3 Bc5 10. Nbd2 0-0 11. Bc2 Nxf2 12. Rxf2 Bxf2+ 13. Kxf2 f6 14. Kg1 fxe5 15. Nf1 Qd6 16. Be3 e4 17. Ng5 Ne5 18. Bxe4 Rxf1+ 19. Qxf1 dxe4 20. Rd1 Qc6 21. Bd4 Ng6 22. Qe2 Bd5 23. h4 h6 24. Nh3 Rf8 25. Qg4 Qe6 26. Qg3 Rf5 27. h5 Ne5 28. Nf4 Qf7 29. Ng6 Nxg6 30. hxg6 Qe7 31. Be3 c6 32. b3 Rf8 33. c4 bxc4 34. bxc4 Bxc4 35. Rc1 Qe6 36. Bd4 Qd5 37. Bc3 Rd8 38. Qc7 Qd7 39. Qe5 Bd5 40. Rf1 Rf8 41. Rxf8+ Kxf8 42. Bb4+ 1-0

[Event "Titled Tuesday intern op 27th Dec Late"]
[Site "Chess.com INT"]
[Date "2022.12.27"]
[Round "6"]
[White "Gorodetzky, David"]
[Black "Gubajdullin, Alexey"]
[Result "0-1"]
[WhiteElo "2495"]
[BlackElo "2300"]
[PlyCount "66"]
[EventDate "2022.12.27"]
[EventType "swiss (blitz)"]
[EventRounds "11"]
[EventCountry "USA"]
[SourceTitle "EXT 2024"]
[Source "ChessBase"]
[SourceDate "2023.10.10"]
[SourceVersion "1"]
[SourceVersionDate "2023.10.10"]
[SourceQuality "1"]

1. d4 Nf6 2. c4 g6 3. Nc3 Bg7 4. e4 d6 5. Be2 0-0 6. Be3 Na6 7. Nf3 e5 8. 0-0 c6 9. Qc2 Ng4 10. Bg5 f6 11. Bd2 exd4 12. Nxd4 f5 13. Bxg4 fxg4 14. Be3 Nc5 15. Rad1 Qh4 16. Nde2 Be5 17. g3 Qe7 18. Bd4 Ne6 19. Bxe5 dxe5 20. Qd2 Rd8 21. Qe3 Ng5 22. Rxd8+ Qxd8 23. Rd1 Qf6 24. h4 Nh3+ 25. Kg2 Be6 26. b3 Rf8 27. Qxa7 g5 28. hxg5 Qxg5 29. Rf1 Nf4+ 30. gxf4 exf4 31. Nd4 f3+ 32. Kg1 g3 33. Nxe6 Qh4 0-1

[Event "Titled Tuesday intern op 27th Dec Early"]
[Site "Chess.com INT"]
[Date "2022.12.27"]
[Round "5"]
[White "Kleiman, Jake"]
[Black "Gorodetzky, David"]
[Result "0-1"]
[WhiteElo "2399"]
[BlackElo "2495"]
[PlyCount "74"]
[EventDate "2022.12.27"]
[EventType "swiss (blitz)"]
[EventRounds "11"]
[EventCountry "USA"]
[SourceTitle "EXT 2024"]
[Source "ChessBase"]
[SourceDate "2023.10.10"]
[SourceVersion "1"]
[SourceVersionDate "2023.10.10"]
[SourceQuality "1"]

1. e4 e6 2. d3 d5 3. Nd2 c5 4. Ngf3 Nc6 5. g3 Nf6 6. Bg2 Be7 7. 0-0 0-0 8. e5 Nd7 9. Re1 b5 10. Nf1 b4 11. h4 a5 12. Bf4 Re8 13. h5 h6 14. Qd2 Bf8 15. g4 f6 16. Ng3 fxe5 17. Nxe5 Ndxe5 18. Bxe5 Nxe5 19. Rxe5 Bd6 20. Rxd5 exd5 21. Bxd5+ Be6 22. Bxa8 Qxa8 23. Ne4 Be5 24. g5 Bf5 25. Re1 Bxb2 26. g6 Bxe4 27. Rxe4 Rxe4 28. dxe4 Bf6 29. Qd7 Bd4 30. Qf7+ Kh8 31. Kf1 Qc8 32. Ke2 c4 33. Kd1 a4 34. Ke2 b3 35. axb3 a3 36. Qd5 Bc3 37. bxc4 a2 0-1